• 首页
  • 本馆介绍
  • 公告通知
  • 最新文献
  • 馆藏检索
  • 电子资源
  • 读者导购
  • 参考咨询
  • 我的图书馆
  • 登录
  • 详细信息显示
  • 放入我的书架
  • 预约/预借图书
  • 作者相关作品
  • 分类相关作品
  • 丛书相关作品
  • 出版社相关作品

书目信息

  • 表格格式
  • 工作单格式
  • 卡片格式
题名:
园林植物遗传育种
    
 
作者: 张明菊 主编
分册:  
出版信息: 北京   中国农业出版社  2021.1
页数: 254页
开本: 26cm
丛书名:
单 册:
中图分类: S680.32
科图分类:
主题词: 园林植物--遗传育种--高等教育--教材 , 园林植物 , 遗传育种
电子资源:
ISBN: 978-7-109-11958-1
000 00937nam0 2200277 45
001 012001002770
005 20211020084429.23
010    @a978-7-109-11958-1@dCNY44.00
100    @a20081106d2008 em y0chiy50 ea
101 0  @achi
102    @aCN@b110000
105    @aa z 000yy
106    @ar
200 1  @a园林植物遗传育种@Ayuan lin zhi wu yi chuan yu zhong@b专著@f张明菊主编
205    @a2版
210    @a北京@c中国农业出版社@d2021.1
215    @a254页@c图@d26cm
300    @a普通高等教育“十一五”国家级规划教材 21世纪农业部高职高专规划教材 园林类专业系列教材
330    @a本书系统地介绍了与园林植物育种相关的遗传基础知识、园林植物种质资源、育种技术、良种繁育方法等内容。
606 0  @a园林植物@x遗传育种@x高等教育@j教材
606 0  @a园林植物
606 0  @a遗传育种
690    @aS680.32@v4
701  0 @a张明菊@Azhang ming ju@c(生物工程)@4主编
801  2 @aCN@bBJSDL@c20211018
905    @b1344822-5@dS680.32@e689=2@f4
    
    园林植物遗传育种/张明菊主编.-2版.-北京:中国农业出版社,2021.1
    254页:图;26cm
    普通高等教育“十一五”国家级规划教材 21世纪农业部高职高专规划教材 园林类专业系列教材
    
    ISBN 978-7-109-11958-1:CNY44.00
    本书系统地介绍了与园林植物育种相关的遗传基础知识、园林植物种质资源、育种技术、良种繁育方法等内容。
●
相关链接 在E读中查询图书 在五车中查询图书 在当当中查询图书 在豆瓣中查询图书


正题名:园林植物遗传育种     索取号:S680.32/689=2         预约/预借

序号 登录号 条形码 馆藏地/架位号 状态 备注
1 1344822   213448223   第二样本阅览室/ [索取号:S680.32/689=2] 在馆    
2 1344823   213448232   第三借阅区/ [索取号:S680.32/689=2] 在馆    
3 1344824   213448241   第三借阅区/ [索取号:S680.32/689=2] 在馆    
4 1344825   213448250   第三借阅区/ [索取号:S680.32/689=2] 在馆    
唐山师范学院图书馆 欢迎您!
大连网信软件有限公司© 版权所有